[Event "GER Pfingstopen U12"]
[Site "Playchess.com INT"]
[Date "2020.06.02"]
[Round "4"]
[White "Braeutigam, Katerina"]
[Black "Harrer, Fabian"]
[Result "1-0"]
[WhiteElo "1558"]
[BlackElo "1620"]
[PlyCount "41"]
[EventDate "2020.06.02"]
[EventType "swiss (blitz)"]
[EventRounds "11"]
[EventCountry "GER"]
[SourceTitle "CBM 197 Extra"]
[Source "ChessBase"]
[SourceDate "2020.09.30"]
[SourceVersion "1"]
[SourceVersionDate "2020.09.30"]
[SourceQuality "1"]

1. e4 e5 2. Nf3 Nc6 3. Bb5 d6 4. 0-0 Bd7 5. c3 Nf6 6. Re1 a6 7. Ba4 b5 8. Bc2 Bg4 9. d3 h6 10. Nbd2 Be7 11. Nf1 Qd7 12. Ng3 h5 13. h3 Bxf3 14. Qxf3 h4 15. Nf5 0-0-0 16. d4 exd4 17. cxd4 g6 18. e5 dxe5 19. dxe5 gxf5 20. Bxf5 Nd4 21. Qa8# 1-0

[Event "GER Pfingstopen U12"]
[Site "Playchess.com INT"]
[Date "2020.06.02"]
[Round "9"]
[White "Harrer, Fabian"]
[Black "Grozea, Nicolae Theodor"]
[Result "0-1"]
[WhiteElo "1620"]
[BlackElo "1513"]
[PlyCount "138"]
[EventDate "2020.06.02"]
[EventType "swiss (blitz)"]
[EventRounds "11"]
[EventCountry "GER"]
[SourceTitle "CBM 197 Extra"]
[Source "ChessBase"]
[SourceDate "2020.09.30"]
[SourceVersion "1"]
[SourceVersionDate "2020.09.30"]
[SourceQuality "1"]

1. e4 e5 2. Nf3 Nc6 3. Bc4 Nf6 4. Ng5 d5 5. exd5 Na5 6. Bb5+ c6 7. dxc6 bxc6 8. Ba4 h6 9. Nf3 e4 10. Ne5 Qd4 11. Bxc6+ Nxc6 12. Nxc6 Qc5 13. Nd8 Kxd8 14. d4 Qf5 15. 0-0 Bd6 16. Nc3 Ke7 17. Qe2 Re8 18. Nb5 Ba6 19. a4 Kf8 20. Qe3 Bxb5 21. axb5 Ng4 22. Qh3 Bxh2+ 23. Kh1 Nxf2+ 24. Rxf2 Qxf2 25. Qxh2 e3 26. b3 e2 27. Ba3+ Kg8 28. Bb4 Rab8 29. Qg1 Qxg1+ 30. Kxg1 Rxb5 31. Bc3 Rb6 32. Re1 Rbe6 33. g4 Re4 34. Kf2 Rxg4 35. d5 Rc8 36. Bd2 Rxc2 37. Rxe2 Rd4 38. Be3 Rxe2+ 39. Kxe2 Rxd5 40. b4 Rb5 41. Bd2 h5 42. Kf3 g5 43. Kg3 f5 44. Kg2 Kf7 45. Kf3 Ke6 46. Kg2 Kd5 47. Bxg5 Rxb4 48. Bd2 Rg4+ 49. Kf3 a6 50. Kf2 Ke4 51. Ke1 h4 52. Kf2 Rf4+ 53. Bxf4 Kxf4 54. Kg2 a5 55. Kh2 a4 56. Kh3 a3 57. Kh2 a2 58. Kh3 a1Q 59. Kg2 Qb2+ 60. Kh3 Qc3+ 61. Kg2 Qd2+ 62. Kh3 Qe3+ 63. Kg2 Qe2+ 64. Kh3 Qg4+ 65. Kh2 Qg3+ 66. Kh1 Qe1+ 67. Kg2 h3+ 68. Kh2 Qf2+ 69. Kh1 Qg2# 0-1

[Event "GER Pfingstopen U12"]
[Site "Playchess.com INT"]
[Date "2020.06.02"]
[Round "2"]
[White "Harrer, Fabian"]
[Black "Schickram, Paul"]
[Result "1-0"]
[WhiteElo "1620"]
[BlackElo "1620"]
[PlyCount "99"]
[EventDate "2020.06.02"]
[EventType "swiss (blitz)"]
[EventRounds "11"]
[EventCountry "GER"]
[SourceTitle "CBM 197 Extra"]
[Source "ChessBase"]
[SourceDate "2020.09.30"]
[SourceVersion "1"]
[SourceVersionDate "2020.09.30"]
[SourceQuality "1"]

1. e4 e6 2. Nf3 d5 3. e5 c5 4. c3 Nc6 5. d4 Qb6 6. Be2 Nge7 7. 0-0 Ng6 8. Nbd2 cxd4 9. cxd4 Nxd4 10. Nxd4 Qxd4 11. Nf3 Qxd1 12. Rxd1 Be7 13. Be3 0-0 14. Rac1 Rd8 15. Rc7 Rd7 16. Rxd7 Bxd7 17. Bg5 Rc8 18. Bxe7 Nxe7 19. g3 Kf8 20. Ng5 h6 21. Nf3 Rc2 22. Rd2 Rxd2 23. Nxd2 Ke8 24. f4 b6 25. Nb3 Nc6 26. Bb5 Na5 27. Bxd7+ Kxd7 28. Nxa5 bxa5 29. Kf2 Kc6 30. Ke3 Kc5 31. Kd3 a4 32. g4 g6 33. h4 a5 34. Kc3 Kb5 35. a3 Kc5 36. Kd3 d4 37. Kd2 Kc4 38. Kc2 d3+ 39. Kd2 Kb3 40. Kxd3 Kxb2 41. Kc4 Kxa3 42. Kc3 Ka2 43. Kc2 a3 44. g5 hxg5 45. hxg5 Ka1 46. Kc1 a2 47. Kc2 a4 48. Kc1 a3 49. Kc2 f5 50. gxf6 1-0

[Event "GER Pfingstopen U12"]
[Site "Playchess.com INT"]
[Date "2020.06.02"]
[Round "8"]
[White "Ziganenko, Daniel"]
[Black "Harrer, Fabian"]
[Result "1-0"]
[WhiteElo "1656"]
[BlackElo "1620"]
[PlyCount "169"]
[EventDate "2020.06.02"]
[EventType "swiss (blitz)"]
[EventRounds "11"]
[EventCountry "GER"]
[SourceTitle "CBM 197 Extra"]
[Source "ChessBase"]
[SourceDate "2020.09.30"]
[SourceVersion "1"]
[SourceVersionDate "2020.09.30"]
[SourceQuality "1"]

1. e4 e5 2. Nf3 Nc6 3. Nc3 Bc5 4. Be2 Nf6 5. d3 h6 6. b3 d6 7. Bb2 Bg4 8. Qd2 Bxf3 9. Bxf3 Nd4 10. 0-0-0 Nxf3 11. gxf3 Qd7 12. f4 exf4 13. Qxf4 0-0-0 14. d4 Bb4 15. e5 Nh5 16. Qh4 g6 17. exd6 Qxd6 18. d5 Qc5 19. Na4 Qd6 20. Bxh8 Rxh8 21. Qg4+ f5 22. Qf3 Ba3+ 23. Kb1 Qf6 24. Qc3 Qxc3 25. Nxc3 a6 26. Rhg1 Nf4 27. Rd4 Nh5 28. Rxg6 Be7 29. Re6 Bf6 30. Rc4 b5 31. Rcc6 b4 32. Na4 Rg8 33. Nb6+ Kb7 34. a4 bxa3 35. c3 cxb6 36. Rxb6+ Kc7 37. Rxf6 Nxf6 38. Rxf6 a5 39. Rxh6 Rb8 40. Ka2 a4 41. Rc6+ Kd7 42. bxa4 Rb2+ 43. Kxa3 Rxf2 44. Rf6 f4 45. h4 f3 46. h5 Rf1 47. h6 f2 48. Kb2 Rh1 49. Rxf2 Rxh6 50. Rd2 Kd6 51. Kb3 Rh7 52. Kb4 Rb7+ 53. Ka5 Ra7+ 54. Kb5 Rb7+ 55. Ka6 Rb3 56. Rd3 Ra3 57. Kb5 Rb3+ 58. Kc4 Rb7 59. Kd4 Ra7 60. a5 Rxa5 61. c4 Ra4 62. Rf3 Ke7 63. Kc5 Kd7 64. Rf7+ Kc8 65. Kc6 Kd8 66. Rh7 Rxc4+ 67. Kd6 Re4 68. Rh8+ Re8 69. Rxe8+ Kxe8 70. Kc7 Ke7 71. d6+ Ke6 72. d7 Ke5 73. d8Q Ke4 74. Kc6 Ke5 75. Qd7 Ke4 76. Kc5 Ke5 77. Qd5+ Kf4 78. Qe6 Kg5 79. Qf7 Kg4 80. Qf6 Kh5 81. Qg7 Kh4 82. Kd5 Kh3 83. Ke4 Kh2 84. Kf3 Kh1 85. Qg2# 1-0